| 000 | 00506nam a2200181Ia 4500 | ||
|---|---|---|---|
| 008 | 090123s9999 xx 000 0 und d | ||
| 082 | _b4763 | ||
| 100 | _aजोशी प्र.न. | ||
| 245 | _aदिनविशेष | ||
| 250 | _a2 | ||
| 260 |
_bसुलभ मुद्रणालय _c1977 |
||
| 300 | _a547 | ||
| 600 | _aजोशी प्र.न. | ||
| 630 | _aदिनविशेष | ||
| 700 | _aजोशी प्र.न. | ||
| 730 | _aदिनविशेष | ||
| 942 | _cBOOK | ||
| 999 |
_c42838 _d42838 |
||